000
00252nam a2200097Ia 4500
005
20251222114412.0
008
251222s1900||||xx |||||||||||||| ||spa||
082
_a
DVD0050/S78/3
245
0
_a
Star wars: episodio III - la venganza de los Sith:
942
_c
DVD
999
_c
2084
_d
2084